<?xml version="1.0" encoding="UTF-8"?>
<collection xmlns="http://www.loc.gov/MARC21/slim">
 <record>
  <leader>00994nam  2200361#c 4500</leader>
  <controlfield tag="001">UMA-18861</controlfield>
  <controlfield tag="003">UMA</controlfield>
  <controlfield tag="005">20230415    193945</controlfield>
  <controlfield tag="008">190227suuuu####SP#a#########||||#0#spa#d</controlfield>
  <datafield tag="336" ind1=" " ind2=" ">
   <subfield code="a">texto</subfield>
  </datafield>
  <datafield tag="337" ind1=" " ind2=" ">
   <subfield code="a">no mediado</subfield>
  </datafield>
  <datafield tag="338" ind1=" " ind2=" ">
   <subfield code="a">volumen</subfield>
  </datafield>
  <datafield tag="901" ind1=" " ind2=" ">
   <subfield code="a">15379</subfield>
  </datafield>
  <datafield tag="020" ind1=" " ind2=" ">
   <subfield code="a">9788498352788</subfield>
  </datafield>
  <datafield tag="080" ind1=" " ind2=" ">
   <subfield code="a">796</subfield>
  </datafield>
  <datafield tag="092" ind1=" " ind2=" ">
   <subfield code="a">SEDE VALLE DE UCO 796</subfield>
  </datafield>
  <datafield tag="245" ind1=" " ind2=" ">
   <subfield code="a">Prevención de lesiones en el deporte</subfield>
   <subfield code="b">claves para un rendimiento deportivo óptimo</subfield>
  </datafield>
  <datafield tag="100" ind1=" " ind2=" ">
   <subfield code="a">Romero Rodríguez</subfield>
   <subfield code="b">Daniel</subfield>
  </datafield>
  <datafield tag="100" ind1=" " ind2=" ">
   <subfield code="a">Tous Fajardo</subfield>
   <subfield code="b">Julio</subfield>
  </datafield>
  <datafield tag="650" ind1=" " ind2=" ">
   <subfield code="a">Lesiones musculares</subfield>
  </datafield>
  <datafield tag="650" ind1=" " ind2=" ">
   <subfield code="a">Heridas y lesiones</subfield>
  </datafield>
  <datafield tag="650" ind1=" " ind2=" ">
   <subfield code="a">Lesiones producidas por algún deporte</subfield>
  </datafield>
  <datafield tag="650" ind1=" " ind2=" ">
   <subfield code="a">Deportes</subfield>
  </datafield>
  <datafield tag="650" ind1=" " ind2=" ">
   <subfield code="a">Sede Valle de Uco</subfield>
  </datafield>
  <datafield tag="650" ind1=" " ind2=" ">
   <subfield code="a">Prevención de lesiones</subfield>
  </datafield>
  <datafield tag="650" ind1=" " ind2=" ">
   <subfield code="a">Lesiones deportivas</subfield>
  </datafield>
  <datafield tag="650" ind1=" " ind2=" ">
   <subfield code="a">Lesiones</subfield>
  </datafield>
  <datafield tag="650" ind1=" " ind2=" ">
   <subfield code="a">Kinesiología</subfield>
  </datafield>
  <datafield tag="650" ind1=" " ind2=" ">
   <subfield code="a">Medicina deportiva</subfield>
  </datafield>
  <datafield tag="041" ind1=" " ind2=" ">
   <subfield code="a">spa</subfield>
  </datafield>
  <datafield tag="044" ind1=" " ind2=" ">
   <subfield code="a">sp#</subfield>
  </datafield>
  <datafield tag="300" ind1=" " ind2=" ">
   <subfield code="a">ix , 262 p. : il. ; 24 cm.</subfield>
  </datafield>
  <datafield tag="260" ind1=" " ind2=" ">
   <subfield code="a">Madrid</subfield>
   <subfield code="b">Médica Panamericana</subfield>
   <subfield code="c">2010</subfield>
  </datafield>
 </record>
</collection>
